Basic immunology workshop
Na minha lista:
| Formato: | Livro |
|---|---|
| Idioma: | Undetermined |
| Publicado em: |
Bangkok, Thailand
The Aquatic Animal Health Research Institute Department of Fisheries
1994
|
| Assuntos: | |
| Tags: |
Adicionar Tag
Sem tags, seja o primeiro a adicionar uma tag!
|
| Thư viện lưu trữ: | Trung tâm Học liệu Trường Đại học Cần Thơ |
|---|
| LEADER | 00507nam a2200157Ia 4500 | ||
|---|---|---|---|
| 001 | CTU_150784 | ||
| 008 | 210402s9999 xx 000 0 und d | ||
| 082 | |a 639.94 | ||
| 082 | |b B311 | ||
| 245 | 0 | |a Basic immunology workshop | |
| 260 | |a Bangkok, Thailand | ||
| 260 | |b The Aquatic Animal Health Research Institute Department of Fisheries | ||
| 260 | |c 1994 | ||
| 650 | |a Fishery scientists,Nghiên cứu nghề cá | ||
| 904 | |i Trọng Hải | ||
| 980 | |a Trung tâm Học liệu Trường Đại học Cần Thơ | ||